[Event "Match 81__120'/40"]
[Site "Zürich"]
[Date "2025.??.??"]
[Round "11"]
[White "Scorpio 68000 sel. 4"]
[Black "Fidelity Excel Mach III"]
[Result "1-0"]
[Annotator "Utzinger,K"]
[WhiteElo "2043"]
[BlackElo "2020"]
[PlyCount "76"]
[EventDate "2025.??.??"]

{[%evp 0,76,34,25,64,57,46,28,28,30,14,15,18,15,23,14,4,-19,10,9,14,0,6,-16,16,0,0,7,229,-18,10,29,79,79,82,70,93,93,78,75,110,75,97,74,74,81,279,317,662,664,777,789,798,750,791,740,741,753,758,758,758,703,710,725,735,739,761,752,774,777,828,757,757,789,1068,1123,1126,1169,29987]} 1. e4 c5 {Match 120'/40 | Bediener: Rolf Bühler | Kommentator: Kurt Utzinger | 11. Partie: Weiss (Scorpio) gewinnt | Zwischenstand: 5,5-5,5 (50%) Ausgleich | Stand hypothetisch: 7-4 (63,6%) für Scorpio | Eröffnung: Sizilianisch, Grand Prix Angriff | Buchzüge: 10 von Scorpio; 10 von Mach III | Partieverlauf: Bereits mit seinem ersten selbst errechneten Zug 11...La6? nach Buchende gerät der Mach III in grosse Schwierigkeiten. Der Scorpio 68000 sel. 4 startet einen souveränen Königsangriff. Und als Schwarz dann mit 13...De8? nochmals fehlgreift, scheint es so, als ob der Mach III bald das Handtuch werfen müsste. Leider leistet sich der Scorpio 68000 sel. 4 dann aber mit 14.b3? eine Ungenauigkeit, so dass sich der Gegner wieder erholen könnte. Statt sich zu bedanken und seine Chance zu nutzen, stürzt das Fidelity Programm mit 15...Tb7? erneut in eine verlorene Stellung. Und dieses Mal besinnt sich das Programm von David Kittinger auf seine Angriffskraft und lässt seinem Gegner keine Chance mehr. Mit diesem dritten Sieg in Folge ist das Match mit 5.5-5.5 wieder völlig offen.} 2. Nc3 Nc6 3. f4 e6 4. Nf3 d5 5. Bb5 Nf6 6. e5 Nd7 7. Bxc6 bxc6 8. O-O Be7 9. d3 O-O 10. Qe1 {***ENDE BUCH*** Neben 10.b3 die beliebteste Fortsetzung. Stockfish 17.1 Bewertung: = 0.21(52%)/55} Rb8 {***ENDE BUCH*** Bewertung: +/= (0.32) (55%) Depth: 41/65} 11. Qg3 {Weiss zeigt die Absicht, sich dem Königsflügel zuzuwenden. Vorerst droht f4-f5 nebst Lh6.} Ba6 $2 $16 {Der Mach III kümmert sich einen Deut um die angekündigte Drohung, und kommt nun bereits in Schwierigkeiten. Die passende Antwort wäre 11...f5 gewesen.} ({PROMENADE-bmi2:} 11... f5 12. b3 Nb6 13. a4 a5 14. Rd1 Na8 15. Ne2 Nc7 16. Be3 Na6 17. Rac1 Bd7 18. h3 Nb4 19. Qf2 Qb6 20. Rf1 Be8 21. Kh2 Bh5 22. Ne1 Na2 23. Ra1 Nb4 24. Rg1 Rb7 25. Ng3 Bg6 26. Rc1 Na2 27. Rd1 Nb4 28. Ne2 Kh8 29. g3 Kg8 30. Ra1 Rbb8 31. Rb1 {[%eval 21,50] [%wdl 50,939,11]}) 12. f5 $1 {Der Scorpio 68000 sel. 4 lässt sich nicht lange bitten.} Kh8 {Eine beachtenswerte Verteidigung besteht in der Hergabe der Qualität für einen Bauern mit 12...exf5. Dann würde auch der gegnerische Läufer verschwinden.} (12... exf5 13. Bh6 g6 14. Bxf8 Nxf8 15. Nd1 Ne6 16. Rb1 c4 17. d4 c3 18. Re1 cxb2 19. Rxb2 Rxb2 20. Nxb2 Qb6 21. Nd3 Bc4 22. Kh1 Bxa2 23. Nf4 Nxd4 24. Nxd4 Qxd4 25. e6 Qd2 26. Nh5 f4 27. Nxf4 d4 28. exf7+ Kxf7 29. Nd3 Bd5 30. Rf1+ Kg7 31. Qe5+ Kh6 {½-½ (31) Gerasimovitch,E (2080)-Heinatz,G (2244) Mallorca 2004}) 13. Ng5 $1 {Erneut findet das Programm von David Kittinger den besten Angriffszug. Weiss droht, mit fxe6 zu gewinnen.} {[#]} Qe8 $2 $18 {[%mdl 2] ***VERLUSTZUG*** mangels Königssicherheit und zu geringer Rechenkraft. Der Mach III ist mit den verschiedenen Drohungen überfordert.} (13... Bxg5 14. Bxg5 f6 15. exf6 gxf6 16. fxe6 fxg5 17. Rxf8+ Nxf8 18. e7 $18) (13... exf5 {ist gemäss meiner Engine die beste Verteidigung, aber mit der Bewertung +- 1.98(99%)/53 sieht es auch da nicht rosig aus, aber auf dem Spielniveau unserer Oldies wäre da noch fast alles möglich:} 14. e6 Bxg5 15. Bxg5 Nf6 16. Na4 Qe7 (16... h6 17. Bf4 {ist gleichwertig ungünstig.}) 17. exf7 Rbd8 18. Rxf5 c4 (18... Rxf7 19. Re1 Qf8 20. Bxf6 gxf6 21. Qf2 Bc8 22. Rf4) (18... Bc8 19. Re5 Qxf7 20. Nxc5 h6 21. Bxf6 Qxf6 22. d4 $18) 19. Bxf6 gxf6 20. dxc4 dxc4 21. Qf2 Qxf7 22. Ra5 Bc8 23. Rxa7 Qg6 24. Re7 Rg8 25. Re3 Qf5 26. Rf3 Qg5 {+- (3.10 ++) (100% +100% =0% -0%) Depth: 53/80}) 14. b3 $2 {Zwischen += 0.63 für den lahmen Textzug und +- 6.54 für 14.f6! +- liegen Welten. So kann sich der Mach III wieder erholen.} exf5 15. Rxf5 {[#]} Rb7 $2 {[%mdl 2] Das ***VERLIERT*** wieder. Notwendig war 15...h6 und nichts ist los.} 16. e6 {Attraktiver gewinnt 16.Sxh7!} (16. Nxh7 $1 Kxh7 17. Qh3+ Kg8 18. Rh5 f5 19. e6 {und das Matt mit Th8 lässt sich nur noch mittels Figurenopfer abwenden} Bh4 20. Qxh4 Qxe6 $18) 16... fxe6 17. Nxe6 g6 {Mehr Widerstand hätte 17...Tg8 geleistet.} 18. Nxf8 gxf5 19. Nxd7 Qxd7 (19... Rxd7 20. Qe5+ Kg8 21. Qe6+ Kh8 22. Bf4 $18 {und gewinnt}) 20. Qe5+ Kg8 21. Bh6 Bd6 22. Qf6 {+- 2.94} Rb8 $2 {Verschlimmert die Situation dramatisch, wonach Gewinnwege fast wie Sand am Meer herumliegen.} 23. Re1 d4 24. Re6 Bf8 25. Qg5+ Bg7 26. Na4 Bxd3 {Berechtigte Verzweiflung.} 27. Re7 Qxe7 28. Qxe7 Bxh6 29. Qe6+ {Der Kampf ist entschieden, denn Schwarz wird auch noch seinen Turm b8 verlieren.} Kg7 30. Qe5+ Kg6 31. Qd6+ Kh5 32. Qxb8 {Rien ne va plus.} Be3+ 33. Kh1 Bxc2 34. Nxc5 Bb1 35. Qe8+ Kg5 36. Qxc6 d3 37. Ne6+ Kf6 38. Nd4+ Kf7 {***AUFGEGEBEN***} 1-0

[Event "Match 81__120'/40"]
[Site "Zürich"]
[Date "2025.??.??"]
[Round "12"]
[White "Fidelity Excel Mach III"]
[Black "Scorpio 68000 sel. 4"]
[Result "1/2-1/2"]
[Annotator "Utzinger,K"]
[WhiteElo "2020"]
[BlackElo "2043"]
[PlyCount "112"]
[EventDate "2025.??.??"]

{[%evp 0,112,25,16,16,6,78,68,54,58,70,47,50,23,50,36,39,30,35,-9,0,-30,-29,-35,-6,-20,-10,-32,-23,-20,-10,0,0,-27,30,38,27,25,20,11,37,9,21,23,54,41,37,27,22,32,32,28,58,40,46,61,79,13,58,52,47,51,51,68,113,98,158,56,88,27,66,78,65,1,117,-126,-71,-81,-78,-78,-78,-70,-48,-48,-54,-77,-65,-84,34,0,-6,-70,-93,-117,-125,-125,-93,-203,-52,-75,-71,-127,-127,-127,-134,-132,-127,-127,-127,-127,-127,-119,-70,-119,-106]} 1. e4 e5 {Match 120'/40 | Bediener: Rolf Bühler | Kommentator: Kurt Utzinger | 12. Partie: Remis | Zwischenstand: 6-6 (50%) | Stand hypothetisch: 7-5 (58,3%) für Scorpio | Eröffnung: Nimzowitsch Verteidigung | Buchzüge: 2 von Scorpio; 2 von Mach III | Partieverlauf: Aus der Eröffnung mit beidseitigen Ungenauigkeiten ergibt sich ein Mittelspiel mit königsindischem Charakter. Langsam neigt sich der Vorteil dann zugunsten von Weiss, der auf e6 einen Riesenspringer einpflanzen und auf der halboffenen c-Linie Druck auf den rückständigen Bauern c7 ausüben konnte. Schon im 24. Zug hätte Weiss mit einer für unsere Oldies viel zu tiefen Variante den Siegespfad einschlagen können. Nach dieser verpassten Chance mit allerdings noch immer klaren Vorteilen für den Mach III ergab sich nach dem Fehler 31...Kg8? erneut die Gelegenheit für Weiss, den Sieg durch eine Verlagerung des Kampfplatzes auf den Königsflügel zu holen. Das Fidelity Programm kann aber daraus wieder keinen Nutzen ziehen. Doch bereits einen Zug später stürzt der Scorpio 68000 sel. 4 erneut in eine verlorene Stellung. Diese Chance vermag der Mach III aber nicht zu packen. Im Gegenteil gerät das Programm von Kathe & Dan Spracklen selbst in Nachteil und ein unerwartet schwarzer Sieg war nicht auszuschliessen. Wie sein Gegner, blieb aber auch der Scorpio 68000 sel. 4 erfolglos mit seinen Bemühungen, den Sieg zu holen. Und so endet diese für beide Programme in weiten Teilen zu schwierige und für Zuschauer nervenaufreibende Partie mit einem Remis.} 2. d4 {***ENDE BUCH***} Nc6 {***ENDE BUCH*** Stockfish 17.1 Bewertung: +/- 0.80(66%)/42} 3. d5 {Das ist auch gemäss den Engines am aussichtsreichsten.} Nce7 4. Nc3 Ng6 5. Nf3 Nf6 6. Bd3 (6. h4 $16 {ist eine interessante Fortsetzung mit weissem Vorteil.}) 6... d6 {Es gab keinen Grund, den dunkelfarbigen Läufer einzuschliessen. Sowohl ...Lc5 wie auch ...Lb4 verdienen den Vorzug. Mit dem Textzug macht sich Schwarz das Leben schlicht schwerer.} 7. O-O {Mit dieser zahmen Fortsetzung kann Weiss nicht auf Vorteil hoffen. Besser sind deshalb:} (7. h4 $5 a6 8. h5 Ne7 $16 {und Schwarz leidet an einer etwas knorzigen Entwicklung.}) (7. Bb5+ Bd7 8. Bxd7+ Qxd7 $14 {und Weiss ist es gelungen, seinen schlechten gegen den guten Läufer von Schwarz zu tauschen.}) 7... Be7 8. Be3 ({Mehr Sinn macht} 8. Ne2 O-O 9. Ng3 c6 10. c4 $14) 8... O-O 9. Qd2 {Erlaubt den Abtausch seines guten Läufers auf e3 durch ...Sg4.} Bd7 {Schwarz lässt die Gelegenheit Sg4 verstreichen.} 10. b4 {Das wäre eher gerechtfertigt, wenn der weisse c-Bauer schon auf c4 stünde.} Ng4 11. g3 f5 {Strategisch gut im Sinne des Königsindischen Aufbaus.} 12. exf5 Bxf5 13. Ne4 Nxe3 14. Qxe3 Qd7 $11 {Die Stellung befindet sich im Gleichgewicht.} 15. Rfe1 {Für mich logischer ist:} (15. c4 {Weiss strebt den strategisch wichtigen Vorstoss c5 an.} Bh3 16. Rfe1 Qg4 17. Nfd2) 15... Bh3 16. Neg5 Bxg5 17. Nxg5 Bf5 18. Bxf5 Rxf5 19. c4 $11 {Noch immer steht es ausgeglichen.} b5 {Eine radikale aber spielbare Methode, um den weissen Plänen entgegenzuwirken.} ({Oder} 19... a5 20. c5 axb4 21. cxd6 cxd6 22. Ne6 $11 {ist auch gut}) 20. cxb5 Ne7 {Sehr gut mit Angriff auf den Zentrumsbauer d5.} 21. Red1 Qxb5 {Nun hängen die Bauern d5 und b4. Trotzdem muss Weiss nicht bangen, verfügt er doch über zwei befriedigende Antworten.} 22. Ne6 {Der Springer entzieht sich dem Angriff des Tf5 und greift den c7-Bauern an, während der Bauer d5 indirekt gedeckt ist.} Qd7 (22... Nxd5 $4 23. Qe4 $18 {und gewinnt durch den Doppelangriff auf Sd5 und Tf5 entscheidend Material.}) (22... Qxb4 $11 {eine zu tiefe Variante für unsere Oldies} 23. Nxc7 Rc8 24. Ne6 h6 25. Qxa7 Rf7 26. Qd7 Kh7 27. Rf1 Qe4 28. Rad1 Rc2 29. Nd8 Rcxf2 30. Rxf2 Rxf2 31. Kxf2 Qc2+ 32. Ke1 Qe4+ 33. Kd2 Qd4+ {und der weisse König findet keinen Platz, um sich den gegnerischen Schachgeboten der Dame zu entziehen.}) 23. Qb3 Kh8 24. Rac1 Rc8 25. b5 Rf6 26. f4 {Der Mach III kann selten ruhig halten. In diesem Fall glücklicherweise ohne Nachteil für ihn.} Ng6 $6 {Ungenau, so dass Weiss nach langer Zeit in Vorteil kommt.} ({Gegen} 26... exf4 {sprach gar nichts} 27. Nxf4 Qg4 28. Rf1 (28. h3 Qg5 $11) 28... Rff8 $11) 27. fxe5 Nxe5 28. Qa4 {Die Engine packt hier mit 28.Tf1, Bewertung: 1.89(99%)/54, eine undurchsichtige Variante aus, weit ab der möglichen Suchtiefe unserer Oldies.} ({PROMENADE-bmi2:} 28. Rf1 {1.89(99%)/54} Qf7 29. Qa4 Rf3 30. Qe4 Rxf1+ 31. Rxf1 Qh5 32. Qf5 Qxf5 33. Rxf5 Kg8 34. Rf4 h6 35. Kg2 Ra8 36. h4 h5 37. Ra4 Rb8 38. Ra5 Nc4 39. Rxa7 Rxb5 40. Nxc7 Rb2+ 41. Kf3 Rd2 42. Ne6 Rxd5 43. Rxg7+ Kh8 44. Rg5 Ne5+ 45. Ke4 Ra5 46. Rxh5+ Kg8 47. Rf5 Rxa2 48. Rf8+ Kh7 49. Rf6 Ra4+ 50. Nd4 Nc4 51. Kf4 d5 52. Nf5 Nd2+ 53. Ke5 Ne4 54. Rh6+ Kg8 55. Rc6 Nf2 56. Ne7+ Kh8 57. Nxd5 Rg4 58. Rc3 Ne4 {[%eval 189,54] [%wdl 988,12,0]}) 28... Nf3+ {Das gereicht wieder zu weissem Vorteil. Ausgleich war mit der folgenden für unsere Oldies viel zu tiefen Variante mit X-möglichen Nebenvarianten zu haben:} (28... a6 $1 29. Qxa6 Nf3+ 30. Kh1 Rg8 31. Rf1 Qf7 32. Qa4 Qh5 33. Rf2 Ne1 34. Nf4 Rxf4 35. Rxf4 Nd3 36. Rxc7 Nxf4 37. Qxf4 Qxd5+ 38. Kg1 Qxb5 $11) 29. Kg2 Ne5 30. Rf1 Rxf1 31. Rxf1 {+/- 1.35(93%)/45} {[#]} Kg8 $2 $18 {[%mdl 2] Schwarz ***VERLIERT*** auf diese Weise, bzw. sollte verlieren. Widerstand war noch mit Tg8 oder h6 möglich.} 32. Kg1 $2 {Ergibt nur noch leichten Vorteil für Weiss.} (32. Qf4 {lässt dem Schwarzen keine Chance mehr.} Qe7 33. Qe3 Ra8 34. Rc1 Rc8 35. Qxa7 Qf6 36. Qe3 Ra8 37. a3 Ng4 38. Qd2 Qe5 (38... Rxa3 39. b6 $1 $18) 39. Rxc7 g6 40. Rg7+ Kh8 41. Rf7 Nf6 42. Qd4 Qxd4 43. Nxd4 Nxd5 44. Ne6 Nb6 45. Rb7 Na4 46. Rd7 d5 47. Rxd5 Kg8 48. Rd6 Rb8 49. Ra6 Nb6 50. a4 $18 {und gewinnt}) {[#]} 32... Kh8 $2 {[%mdl 2] ***VERLIERT*** erneut und verpasst den Ausgleich mit 32...h6, was dem König ein Luftloch schafft und Mattdrohungen auf der 8. Reihe zunichtemacht.} 33. a3 {Gar noch stärker sind:} (33. Qa6 {+- 4.07(100%)/45}) (33. Qf4 {+- 3.45(100%)/45}) 33... h6 34. Rc1 $2 $11 {Damit ist es mit dem Sieg vorbei. Deshalb hätte Weiss 34.Sf8 oder 34.Db3 spielen sollen. Auch hier sind die tiefen Varianten nicht erkennbar durch unsere Oldies.} ({Stockfish 17.1 BMI2: 1)} 34. Nf8 Qe7 35. Ne6 Rg8 36. Qc2 Rc8 37. a4 Nd7 38. Rf4 Nc5 39. Qf5 Rb8 40. Kg2 Kg8 41. Qg6 Rc8 42. Rf1 Rb8 43. h4 Rc8 44. Rc1 Kh8 45. Rc2 Nxe6 46. dxe6 Rf8 47. Qe4 Kg8 48. Qc4 Kh7 49. a5 Qf6 50. Qe2 Qe7 51. Qe4+ Kg8 52. a6 Re8 53. Qe3 Kh7 54. Re2 Qf6 55. Qxa7 Rxe6 56. Qf2 Rxe2 57. Qxe2 Qa1 58. Qf2 Kg8 59. a7 d5 60. Qc5 Qa2+ 61. Kf3 Kh7 62. Qd4 Qb3+ 63. Kg2 {[%eval 290,38] [%wdl 1000,0,0]}) ({Stockfish 17.1 BMI2: 2)} 34. Qb3 Kg8 35. a4 Re8 36. Qc2 Ng4 37. Rf3 Rxe6 38. dxe6 Qxe6 39. Qc3 h5 40. Qd2 Qc4 41. h3 Ne5 42. Rf4 Qe6 43. Kh2 Qb3 44. Kg2 Kh7 45. Rf2 g6 46. Qd4 Qb1 47. Rd2 Qf5 48. Qd5 Qg5 49. Re2 h4 50. Qb3 hxg3 51. Qxg3 Qf6 52. Rf2 Qd8 53. Qf4 Qa8+ 54. Kg3 Qd5 55. Qh4+ Kg7 56. Qe7+ Kh6 {[%eval 289,38] [%wdl 1000,0,0]}) 34... Nf3+ $2 {Zum Ausgleich hätten 34...De8 usw. sowie 34...Df7 usw. genügt. Jetzt steht Weiss wieder klar besser.} 35. Kh1 $2 {Den Vorteil festgehalten hätte 35.Kg2 mit Angriff auf den Springer, der wieder zurück müsste.} Ne5 $11 36. Rc3 Kg8 37. Qa5 $2 {Wendet das Blatt zugunsten von Schwarz.} (37. Kg2 $11) 37... Qf7 {Droht auf f1 ein Matt.} 38. Qxa7 Qf5 ({oder} 38... Qf1+ 39. Qg1 Qxb5 40. Qd1 Ng4 41. Rb3 Qc4 42. Kg1 Nf6 43. Nf4 g5 44. Ng2 Qxd5 {-1.92(100%)/45}) 39. Qd4 Qb1+ $2 $15 {Manchmal ist es schwierig, unsere alten Schätze zu verstehen. Weshalb holt sich Schwarz den Bauern b5 nicht auf dem direkten Weg mit 39...Df1+ 40.Dg1 Dxb5 ab? Der Textzug 39...Db1+ ist demgegenüber mangelhaft: Zeitverlust; die weisse Dame kann stark postiert im Zentrum verbleiben und der weisse König kommt aus seiner Ecke raus.} (39... Qf1+ {zwingt die Dame auf die Grundlinie} 40. Qg1 Qxb5 {droht sofort auf d5 zu schlagen, weil auf d4 keine weisse Dame steht, so dass Weiss wieder Zeit verlieren muss.} 41. Qd1 (41. Qd4 $2 {geht nicht wegen} Qb1+ 42. Kg2 {erzwungen, ansonsten der Tc3 sein Leben lassen muss.}) 41... Ng4 {droht die Gabel ...Sf2+ und erobert die weisse Dame.} 42. Rb3 Qc4 43. Kg1 Nf6 44. Qb1 (44. Rd3 Rb8 $19) (44. Nf4 g5 $19) 44... Qxd5 45. Nf4 Qc5+ 46. Kg2 Qc6+ 47. Kg1 Re8 48. Rb7 Qc3 49. Kg2 Re4 {-+ (-2.67) (0% +0% =0% -100%) Depth: 45/70}) 40. Kg2 Qb2+ 41. Kh3 Qxb5 42. Qd1 Qd7 $11 43. Qb3 c5 $1 {Eine gute Idee.} 44. dxc6 {Den schwarzen gedeckten Freibauern darf Weiss nicht am Leben lassen.} Nxc6 45. g4 Kh8 46. Qd5 Ne5 {Abwicklung, die Schwarz unter vorübergehender Hergabe des Bauern d6 ein Dauerschach ermöglicht.} 47. Rxc8+ Qxc8 48. Qxd6 Qc3+ 49. Kg2 (49. Kh4 $4 {führt in die Katastrophe} Qe1+ 50. Kh3 Qe3+ 51. Kg2 Qe2+ 52. Kg3 Qf3+ 53. Kh4 Qxg4#) 49... Qf3+ 50. Kg1 Qxg4+ 51. Kf2 Qf3+ 52. Kg1 Qe3+ 53. Kf1 Qh3+ 54. Kg1 Qe3+ 55. Kf1 Qh3+ 56. Kg1 Qe3+ {***3x REMIS***} 1/2-1/2

[Event "Match 81__120'/40"]
[Site "Zürich"]
[Date "2025.??.??"]
[Round "13"]
[White "Scorpio 68000 sel. 4"]
[Black "Fidelity Excel Mach III"]
[Result "0-1"]
[Annotator "Utzinger,K"]
[WhiteElo "2043"]
[BlackElo "2020"]
[PlyCount "81"]
[EventDate "2025.??.??"]

{[%evp 0,81,25,25,75,73,99,72,87,42,79,57,65,84,73,28,42,35,6,-10,-17,-22,-23,-22,29,26,29,2,19,-9,-5,-4,4,-8,-10,-42,-15,-1,-9,-3,0,-8,-15,-26,15,-12,-19,-9,13,-19,37,-53,-44,-33,40,-62,-38,-122,-85,-131,-118,-119,-105,-487,-482,-485,-488,-487,-489,-481,-515,-523,-529,-550,-495,-503,-520,-600,-629,-812,-885,-1156,-1205,-1287]} 1. d4 g6 {Match 120'/40 | Bediener: Rolf Bühler | Kommentator: Kurt Utzinger | 13. Partie: Schwarz (Mach III) gewinnt | Zwischenstand: 7-6 (53,8%) für Mach III | Stand hypothetisch: 7-6 (53,8%) für Scorpio | Eröffnung: Moderne Verteidigung | Buchzüge: 12 von Scorpio; 12 von Mach III | Partieverlauf: Der Scorpio 68000 sel. 4 wählt mit 4.f4 eine aggressive Variante gegen die Moderne Verteidigung. Er kommt aber damit überhaupt nicht zurecht und begeht mehrere Fehler. Mit normal gutem Spiel holt sich der Mach III einen verdienten Sieg, weil sein Gegner auch sämtliche ausgleichenden Varianten nicht findet.} 2. e4 Bg7 3. Nc3 d6 4. f4 c6 5. Nf3 Bg4 6. Be3 Qb6 7. Qd3 Nf6 8. O-O-O d5 9. e5 Ne4 10. Ne2 Na6 11. Qa3 Bf8 12. h3 {***ENDE BUCH*** Stockfish 17.1 Bewertung: = (0.14) (52) Depth: 45/65} Bd7 {***ENDE BUCH*** Bewertung: = (0.14) (52) Depth: 45/65} 13. g4 f5 {Eine radikale Methode, um dem strategischen Plan von Weiss, einmal f5 zu spielen, zu verhindern.} (13... e6 14. Qb3 h5 15. Rg1 hxg4 16. hxg4 c5 17. Qxb6 axb6 18. a3 b5 19. dxc5 b4 20. axb4 Nxb4 21. Kb1 Ra1+ 22. Kxa1 Nxc2+ 23. Ka2 Nxe3 24. Rc1 Bxc5 25. Ned4 Ke7 26. Bd3 b6 27. Rce1 Bxd4 28. Nxd4 Ra8+ 29. Kb1 Nd2+ 30. Kc1 Ndc4 31. b3 Ra1+ 32. Bb1 Na3 33. Kb2 Rxb1+ 34. Rxb1 Nxb1 35. Kxb1 f5 36. g5 Be8 37. Kc1 Ng4 38. Rg2 b5 39. Kd2 {1-0 (39) Marjanovic,S (2465)-Todorcevic,M (2530) Zlatibor 1989}) 14. gxf5 Bxf5 {Nun hat Schwarz keine Sorgen mehr.} 15. Bg2 $2 {Einfach schlecht: -/+ (-1.53) (7%) Depth: 47/86 Mit 15.Da4 stünde es gleich.} e6 $15 {Bei weitem nicht das Beste.} (15... Nb4 $1 16. Qb3 a5 17. a4 Qa6 18. Bf1 b5 $17 {und klarer Vorteil für Schwarz.}) 16. Qa4 Be7 17. Nd2 Nxd2 18. Bxd2 Nb4 19. Bxb4 Bxb4 20. c3 Be7 {Eine beachtenswerte Alternative war 20...Lf8, um später mit Lh6 Druck auf f4 zu machen.} 21. Ng3 Rf8 22. h4 Bg4 {Die lange Rochade kam auch in Frage.} 23. Rdf1 Qd8 {Um seine Türme zu verbinden, wäre 23...Kd7 im vorliegenden Fall keine schlechte Idee. Der König steht auf d7 sicher.} 24. Qb3 (24. h5 g5 $11) 24... Rb8 25. Qc2 Bxh4 26. Qd3 b6 $11 27. Rh2 Rb7 28. c4 $2 {[%mdl 32768] ***VERLUSTZUG***} Rc7 (28... Rbf7) 29. cxd5 cxd5+ 30. Kb1 g5 $2 {Dieser Zug vergibt jeglichen Vorteil.} (30... Bxg3 31. Qxg3 Bf5+ $17 {sieht noch immer sehr düster aus für Weiss.}) 31. fxg5 $2 {[%mdl 32768] Das ***VERLIERT*** wieder. Noch den möglichen Rettungsanker zu finden, übersteigt jedoch das Können des Novag Programms.} (31. Bh3 Bxh3 32. Rxh3 Rxf4 33. Rfh1 Rf2 34. Nh5 Rcc2 35. Nf6+ Kf8 36. Qxc2 Rxc2 37. Kxc2 $11 {wobei bei diesem aussergewöhnlichen Materialverhältnis zwischen den beiden Programmen noch alles passieren könnte.}) 31... Rxf1+ 32. Bxf1 Bxg3 33. Qb5+ {Das sieht wie pure Verzweiflung aus. Hat der Scorpio 68000 sel. 4 tatsächlich bemerkt, dass es nach 33.Dxg3 Dxg5 zu einem Mattangriff käme. Ich kann das kaum glauben, so dass wieder einmal CB_Emu und MessChess zu Rate gezogen wird: Während knapp 2 Min findet der Scorpio 68000 sel. 4 die Folge 33.Dxg3 Lf5 34.Ld3 Lxd3 35.Dxd3 Dxg5 36.Db5+ mit nur -00.48 als in Ordnung. Dann erkennt das Programm, dass nach 33.Dxg3 Dxg5 folgt -06.09 für Weiss. Kurze Zeit wird dann 33.Txh7 untersucht, aber schliesslich verworfen zugunsten von 33.Db5+ Td7 34.Tg2 Lf5+ 35.Ka1 Dxg5 36.Dc6 Lh3 -03.90. Das Programm von David Kittinger kann das vielzügige Matt nach 33.Dxg3 Dg5 unmöglich erkennen, aber interessant, dass der Scorpio 68000 sel. 4 selbst auf der Fernschachstufe schliesslich 33.Db5+ ausspielt, ohne dass man die Go_Taste betätigt hat.} (33. Qxg3 {hilft leider auch nicht mehr} Qxg5 {mit Mattangriff} 34. Qe1 (34. Rc2) 34... Bf5+ 35. Bd3 Bxd3+ 36. Rc2 Rxc2 $19) 33... Kf8 34. Rc2 Bf5 35. Bd3 Rxc2 36. Bxc2 Bxc2+ 37. Kxc2 Qxg5 {Die Lage ist endgültig hoffnungslos für Weiss.} 38. Qe2 h5 39. Qf3+ Qf5+ 40. Qxf5+ exf5 41. Kd3 {***AUFGEGEBEN***} 0-1